|
|
|
|
| LEADER |
00000nam0a2200000 4500 |
| 001 |
45806 |
| 005 |
20231101210958.0 |
| 010 |
|
|
|a 5840101028
|
| 035 |
|
|
|a (RuTPU)RU\TPU\book\47711
|
| 090 |
|
|
|a 45806
|
| 100 |
|
|
|a 20021217d2001 m y0rusy50 ca
|
| 101 |
0 |
|
|a rus
|
| 102 |
|
|
|a RU
|
| 105 |
|
|
|a y nz 001zy
|
| 200 |
1 |
|
|a Хартия Европейского Союза об основных правах
|e Комментарий
|f С. Ю. Кашкин, А. О. Четвериков, Е. А. Чегринец, П. А. Калиниченко
|g Под ред. С. Ю. Кашкина
|
| 210 |
|
|
|a Москва
|c Юриспруденция
|d 2001
|
| 215 |
|
|
|a 208 с.
|
| 320 |
|
|
|a Библиогр.: с. 195-200.
|
| 606 |
1 |
|
|a Права человека
|x Международная защита
|2 stltpush
|3 (RuTPU)RU\TPU\subj\51067
|9 69679
|
| 610 |
1 |
|
|a право
|
| 610 |
1 |
|
|a международное положение
|
| 610 |
1 |
|
|a права человека
|
| 610 |
1 |
|
|a защита
|
| 610 |
1 |
|
|a Европейский Союз
|
| 610 |
1 |
|
|a человек
|
| 686 |
|
|
|a Х911
|v LBC/SL-A
|2 rubbk
|
| 701 |
|
1 |
|a Кашкин
|b С. Ю.
|
| 701 |
|
1 |
|a Четвериков
|b А. О.
|
| 701 |
|
1 |
|a Чегринец
|b Е. А.
|
| 701 |
|
1 |
|a Калиниченко
|b П. А.
|
| 702 |
|
1 |
|a Кашкин
|b С. Ю.
|4 340
|
| 801 |
|
1 |
|a RU
|b 63413507
|c 20021217
|g PSBO
|
| 801 |
|
2 |
|a RU
|b 63413507
|c 20220809
|g PSBO
|
| 942 |
|
|
|c BK
|